00253nam a2200109Ia 4500100001700000654002400017245003600041260003600077082001000113300000800123546001200131 aPanakal/J.A  aPersonal Management aReadings in Personal Management bOrient LongmanaCalcuttac1972 a658.3 a399 aENGLISH